[Event "236th YMCA Winter A"]
[Site "Warsaw"]
[Date "2021.02.26"]
[Round "6"]
[White "Jedrusik, Adam"]
[Black "Polak, Michal"]
[Result "1/2-1/2"]
[WhiteElo "1874"]
[BlackElo "1890"]
[PlyCount "135"]
[EventDate "2021.01.21"]
[EventType "tourn"]
[EventRounds "1"]
[EventCountry "POL"]
[SourceDate "2021.01.20"]

1. e4 c5 2. Nc3 e6 3. f4 d5 4. Nf3 Nf6 5. Bb5+ Bd7 6. Qe2 d4 7. Bxd7+ Nbxd7 8.
Nb1 Be7 9. a4 O-O 10. d3 Qc7 11. O-O Rfd8 12. Nbd2 b6 13. Nc4 a6 14. Bd2 Qb7
15. Nfe5 Rac8 16. Nxd7 Nxd7 17. f5 e5 18. b3 b5 19. Nb2 Nf6 20. Rac1 h6 21. Rf3
Nh7 22. Rcf1 Bg5 23. Rg3 Bxd2 24. Qxd2 Kf8 25. Qe2 Qe7 26. Qg4 Qg5 27. Qe2 Qf6
28. Rgf3 Kg8 29. Ra1 Ra8 30. Rff1 Qc6 31. Qd2 Nf6 32. h3 Ne8 33. Ra2 f6 34.
Rfa1 Nd6 35. Qa5 b4 36. Nc4 Nxc4 37. bxc4 Rab8 38. Rb2 Rb6 39. Rb3 Rc8 40. Rf1
Qd6 41. Rf2 Kf8 42. Rf3 Rcc6 43. Rg3 g5 44. Kf1 Qe7 45. Rf3 Ke8 46. Rf2 Kd7 47.
g3 $11 Kc8 48. Kg2 Kb7 49. Rd2 Rc8 50. Rf2 Kc6 51. Rd2 Rh8 52. Rf2 Qf7 53. Re2
Qh5 54. Rd2 Rg8 55. Rb1 Qf7 56. Rb3 h5 57. Kf2 Qg7 58. Re2 g4 59. h4 Rgb8 60.
Ke1 Qh6 61. Kd1 R8b7 62. Re1 Qg7 63. Re2 Qc7 64. Re1 Ra7 65. Re2 Qc8 66. Kd2
Qc7 67. Re1 Qc8 68. Re2 $11 1/2-1/2

[Event "236th YMCA Winter A"]
[Site "Warsaw"]
[Date "2021.02.26"]
[Round "6"]
[White "Moskwinski, Marek"]
[Black "Dalkowski, Rafal"]
[Result "1/2-1/2"]
[WhiteElo "1905"]
[BlackElo "1847"]
[PlyCount "46"]
[EventDate "2021.01.21"]
[EventType "tourn"]
[EventRounds "1"]
[EventCountry "POL"]
[SourceDate "2021.01.20"]

1. d4 Nf6 2. c4 c5 3. d5 b5 4. cxb5 a6 5. bxa6 Bxa6 6. Nc3 d6 7. Nf3 g6 8. e4
Bxf1 9. Kxf1 Bg7 10. g3 O-O 11. Kg2 Nbd7 12. h3 Qa5 13. Qc2 Nb6 14. Re1 Rfb8
15. Nd2 Nfd7 16. a3 Ne5 17. Rb1 c4 18. b4 cxb3 19. Nxb3 Qa6 20. Nd4 Nd3 21. Rd1
Nxc1 22. Rbxc1 Bxd4 23. Rxd4 Qxa3 $11 1/2-1/2

[Event "236th YMCA Winter A"]
[Site "Warsaw"]
[Date "2021.02.26"]
[Round "6"]
[White "Choroszej, Aleksander"]
[Black "Rzeszowski, Dominik"]
[Result "1/2-1/2"]
[WhiteElo "2046"]
[BlackElo "1863"]
[PlyCount "78"]
[EventDate "2021.01.21"]
[EventType "tourn"]
[EventRounds "1"]
[EventCountry "POL"]
[SourceDate "2021.01.20"]

1. d4 Nf6 2. c4 c5 3. d5 b5 4. cxb5 a6 5. b6 e6 6. Nc3 Nxd5 7. Nxd5 exd5 8.
Qxd5 Nc6 9. e4 Be7 10. Nf3 Rb8 11. Bc4 O-O 12. O-O Rxb6 13. Ng5 Qe8 14. b3 Nd4
15. Be3 Bb7 16. Qe5 Rg6 17. Qc7 Bc6 18. Bxd4 cxd4 19. f4 h6 20. Nf3 Bd6 21. Qa5
Qxe4 22. Qh5 Kh8 23. f5 Rg5 24. Qh3 Qe3+ 25. Kh1 Bxf3 26. Rxf3 Qd2 27. f6 Re8
28. Raf1 Re1 29. fxg7+ Rxg7 30. Rxe1 Qxe1+ 31. Rf1 Qe3 32. Qxd7 Bxh2 33. Qc8+
Rg8 34. Qf5 Be5 35. Bd3 Rg7 36. Qc8+ Rg8 37. Qf5 Rg7 38. Qc8+ Rg8 39. Qf5 Rg7
1/2-1/2

[Event "236th YMCA Winter A"]
[Site "Warsaw"]
[Date "2021.03.05"]
[Round "7"]
[White "Polak, Michal"]
[Black "Moskwinski, Marek"]
[Result "1-0"]
[WhiteElo "1890"]
[BlackElo "1905"]
[PlyCount "105"]
[EventDate "2021.01.21"]
[EventType "tourn"]
[EventRounds "1"]
[EventCountry "POL"]
[SourceDate "2021.01.20"]

1. e4 e5 2. Nf3 Nc6 3. Bb5 Nf6 4. O-O Nxe4 5. Re1 Nd6 6. Nxe5 Nxe5 7. Rxe5+ Be7
8. Bf1 O-O 9. d4 Bf6 10. Re1 Re8 11. c3 Rxe1 12. Qxe1 c6 13. Bd3 Ne8 14. Nd2 d5
15. Nf3 Nd6 16. Bf4 Bf5 17. Bxf5 Nxf5 18. Qd2 Nd6 19. Bxd6 Qxd6 20. Re1 Qd7 21.
Qe2 Kf8 22. Kf1 Re8 23. Qxe8+ Qxe8 24. Rxe8+ Kxe8 25. a4 Kd7 26. Ke2 Kd6 $11
27. Kd3 b5 28. a5 g6 29. g3 Ke6 30. h3 Kd6 31. b3 Ke6 32. b4 Kd6 33. Ke3 Ke6
34. Kf4 Be7 35. Ne1 Bd6+ 36. Ke3 h6 37. Nd3 Kf6 38. f4 g5 39. Ne5 gxf4+ 40.
gxf4 Kf5 41. Nxc6 Bxf4+ 42. Kf3 a6 43. Ne7+ Ke6 44. Kxf4 Kxe7 45. Ke5 f6+ 46.
Kxd5 Kd7 47. h4 Ke7 48. h5 Kd7 49. Ke4 Ke6 50. Kf4 f5 51. d5+ Kxd5 52. Kxf5 Kd6
53. Kg6 1-0

[Event "236th YMCA Winter A"]
[Site "Warsaw"]
[Date "2021.03.05"]
[Round "7"]
[White "Zdybel, Przemyslaw"]
[Black "Jedrusik, Adam"]
[Result "1-0"]
[WhiteElo "1848"]
[BlackElo "1874"]
[PlyCount "83"]
[EventDate "2021.01.21"]
[EventType "tourn"]
[EventRounds "1"]
[EventCountry "POL"]
[SourceDate "2021.01.20"]

1. e4 c6 2. Nc3 d5 3. Nf3 Bg4 4. h3 Bxf3 5. Qxf3 e6 6. d3 Nd7 7. Bd2 Ngf6 8. g4
g6 9. d4 dxe4 10. Nxe4 Nxe4 11. Qxe4 Bg7 12. c3 O-O 13. O-O-O c5 14. Be3 Qc7
15. Bg2 cxd4 16. Bxd4 Nc5 17. Qe3 Bxd4 18. Rxd4 Rac8 19. h4 e5 20. Rd5 e4 21.
h5 Nd3+ 22. Kb1 Nf4 23. Bxe4 Nxd5 24. Bxd5 Qc5 25. Qe5 Rfe8 26. Bxf7+ Kf8 27.
Qxc5+ Rxc5 28. Bxe8 Kxe8 29. hxg6 hxg6 30. Rh7 Rb5 31. Kc2 Kd8 32. c4 Rb6 33.
f4 Kc8 34. g5 Re6 35. Kd3 Kb8 36. Rf7 Re1 37. Rf6 Rd1+ 38. Ke2 Rd4 39. b3 b5
40. cxb5 Kc7 41. Ke3 Rb4 42. Rxg6 1-0

[Event "236th YMCA Winter A"]
[Site "Warsaw"]
[Date "2021.03.02"]
[Round "7"]
[White "Poniewierski, Piotr"]
[Black "Ossolinski, Ziemowit"]
[Result "0-1"]
[WhiteElo "1839"]
[BlackElo "1887"]
[PlyCount "64"]
[EventDate "2021.01.21"]
[EventType "tourn"]
[EventRounds "1"]
[EventCountry "POL"]
[SourceDate "2021.01.20"]

1. Nf3 f5 2. d4 e6 3. g3 Nf6 4. Bg2 d5 5. b3 g6 6. O-O Bg7 7. Ba3 Ne4 8. Ne5
Nd7 9. f3 Nxe5 10. fxe4 Ng4 11. exf5 Ne3 12. Qd3 Nxf1 13. fxg6 Qf6 14. c3 Nxh2
15. Kxh2 Qxg6 16. Nd2 Bd7 17. Nf3 O-O-O 18. Rf1 Bf6 19. Qe3 Qh5+ 20. Kg1 Rde8
21. Ne5 Bxe5 22. dxe5 b6 23. c4 Rhg8 24. Rf4 Rg5 25. Bb2 Reg8 26. Rf3 Bc6 27.
Qd3 d4 28. Rf8+ Rxf8 29. Bxc6 Qg6 30. Qxg6 hxg6 31. Bxd4 Rxg3+ 32. Kh2 Rg4 0-1

[Event "236th YMCA Winter A"]
[Site "Warsaw"]
[Date "2021.03.04"]
[Round "7"]
[White "Potocki, Karol"]
[Black "Bujalski, Mateusz"]
[Result "1-0"]
[WhiteElo "1882"]
[BlackElo "1895"]
[PlyCount "61"]
[EventDate "2021.01.21"]
[EventType "tourn"]
[EventRounds "1"]
[EventCountry "POL"]
[SourceDate "2021.01.20"]

1. e4 e5 2. Nf3 Nf6 3. Nc3 Bb4 4. Bc4 d6 5. O-O O-O 6. d3 Bg4 7. h3 Bh5 8. g4
Bxc3 9. bxc3 Bg6 10. Bg5 h6 11. Bh4 Nbd7 12. Rb1 Qc8 13. Qd2 Nb6 14. Rxb6 Nxe4
15. dxe4 axb6 16. Qe2 c6 17. Be7 Re8 18. Bxd6 Qd8 19. Rd1 Qf6 20. Bc7 b5 21.
Bb3 Rac8 22. Rd7 b6 23. Rd6 Qe7 24. Rxc6 Qd7 25. Rxg6 Qxc7 26. Qxb5 Kh7 27.
Rxb6 Qxc3 28. Kg2 f6 29. Qd7 Rcd8 30. Qf5+ Kh8 31. Nh4 1-0

[Event "236th YMCA Winter A"]
[Site "Warsaw"]
[Date "2021.03.11"]
[Round "8"]
[White "Ossolinski, Ziemowit"]
[Black "Potocki, Karol"]
[Result "0-1"]
[WhiteElo "1887"]
[BlackElo "1882"]
[PlyCount "50"]
[EventDate "2021.01.21"]
[EventType "tourn"]
[EventRounds "1"]
[EventCountry "POL"]
[SourceDate "2021.01.20"]

1. Nf3 d5 2. d4 Nf6 3. Bf4 e6 4. e3 Be7 5. c4 O-O 6. Nc3 c6 7. h3 Nbd7 8. Bd3
dxc4 9. Bxc4 Nd5 10. Bg3 Qa5 11. Rc1 N7f6 12. Qd3 Nxc3 13. bxc3 b5 14. Bb3 c5
15. dxc5 Bxc5 16. O-O Bb7 17. Nd4 a6 18. Be5 Be4 19. Qd1 Be7 20. f3 Bb7 21. Qe1
Nd7 22. Nxe6 Nxe5 23. Nxf8 Nd3 24. Qg3 Nxc1 25. Ne6 Ne2+ 0-1

[Event "236th YMCA Winter A"]
[Site "Warsaw"]
[Date "2021.03.12"]
[Round "8"]
[White "Jedrusik, Adam"]
[Black "Poniewierski, Piotr"]
[Result "1-0"]
[WhiteElo "1874"]
[BlackElo "1839"]
[PlyCount "49"]
[EventDate "2021.01.21"]
[EventType "tourn"]
[EventRounds "1"]
[EventCountry "POL"]
[SourceDate "2021.01.20"]

1. d4 d5 2. Bf4 Nf6 3. e3 c5 4. c3 Qb6 5. Qb3 Nc6 6. Nd2 c4 7. Qc2 g6 8. Be2
Bf5 9. Qc1 Bg7 10. h3 h5 11. Ngf3 Nd7 12. O-O e5 13. dxe5 Ndxe5 14. Nxe5 Nxe5
15. Bxe5 Bxe5 16. e4 Bxe4 17. Nxe4 dxe4 18. Bxc4 O-O 19. Bd5 Rae8 20. Re1 e3
21. fxe3 Bf4 22. Kh1 Bxe3 23. Qc2 Qd6 24. Qd3 Bb6 25. Bxf7+ 1-0

[Event "236th YMCA Winter A"]
[Site "Warsaw"]
[Date "2021.01.29"]
[Round "8"]
[White "Moskwinski, Marek"]
[Black "Zdybel, Przemyslaw"]
[Result "0-1"]
[WhiteElo "1905"]
[BlackElo "1848"]
[PlyCount "56"]
[EventDate "2021.01.21"]
[EventType "tourn"]
[EventRounds "1"]
[EventCountry "POL"]
[SourceDate "2021.01.20"]

1. g4 e5 2. Bg2 d5 3. c4 d4 4. Qb3 Nd7 5. h3 Nc5 6. Qd1 a5 7. d3 Bd6 8. Bd2 Ne7
9. Na3 c6 10. Nc2 O-O 11. b4 axb4 12. Bxb4 f5 13. Bxc5 Bxc5 14. Nf3 Ng6 15.
gxf5 Bxf5 16. Qd2 Nf4 17. Bf1 Qf6 18. Kd1 Nxd3 19. exd3 Be4 20. Rg1 Bxf3+ 21.
Kc1 b5 22. cxb5 cxb5 23. Qg5 Bd5 24. a3 Qxg5+ 25. Rxg5 Rxf2 26. Kb2 Bd6 27. h4
Rc8 28. Rc1 Rc3 0-1

[Event "236th YMCA Winter A"]
[Site "Warsaw"]
[Date "2021.01.29"]
[Round "8"]
[White "Rzeszowski, Dominik"]
[Black "Dalkowski, Rafal"]
[Result "1/2-1/2"]
[WhiteElo "1863"]
[BlackElo "1847"]
[PlyCount "143"]
[EventDate "2021.01.21"]
[EventType "tourn"]
[EventRounds "1"]
[EventCountry "POL"]
[SourceDate "2021.01.20"]

1. d4 Nf6 2. c4 c5 3. d5 b5 4. cxb5 a6 5. f3 d6 6. e4 g6 7. Nc3 Bg7 8. Bd3 Nbd7
9. Nge2 Ne5 10. Be3 Qa5 11. f4 Nfg4 12. Bg1 Nxd3+ 13. Qxd3 Bd7 14. bxa6 Rb8 15.
Qd2 O-O 16. h3 Nf6 17. e5 Ne8 18. Bh2 Bh6 19. g4 Nc7 20. O-O Nb5 21. Ne4 Qa4
22. N2c3 Nxc3 23. Nxc3 Qxa6 24. Qf2 Qd3 25. Qf3 Qd4+ 26. Kh1 Rxb2 27. Rad1 Rd2
28. Ne4 Rxd1 29. Rxd1 Qb2 30. exd6 exd6 $11 31. Qg2 Qxg2+ 32. Kxg2 Rd8 33. Nf6+
Kh8 34. f5 Bg7 35. Ne4 Ra8 36. fxg6 Rxa2+ 37. Rd2 Rxd2+ 38. Nxd2 hxg6 39. Bxd6
Bh6 40. Nc4 Bb5 41. Be5+ Bg7 42. d6 f6 43. Bc3 Kg8 44. Nb6 Kf7 45. d7 Bc6+ 46.
Kf2 Ke7 47. g5 Bxd7 48. gxf6+ Bxf6 49. Bxf6+ Kxf6 50. Nxd7+ Kg5 51. Kg3 c4 52.
Nc5 Kf5 53. Na4 Kg5 54. Nc3 Kf5 55. h4 g5 56. h5 g4 57. Kh4 g3 58. Nd5 Ke4 59.
Nc3+ Kf3 60. Kh3 g2 61. Kh2 Kf2 62. Nd1+ Ke2 63. h6 Kxd1 64. h7 c3 65. h8=Q c2
66. Qd4+ Kc1 67. Kg3 g1=R+ 68. Qxg1+ Kb2 69. Qf2 Ka1 70. Qd2 Kb1 71. Qd3 Ka1
72. Qxc2 1/2-1/2

[Event "236th YMCA Winter A"]
[Site "Warsaw"]
[Date "2021.03.19"]
[Round "9"]
[White "Polak, Michal"]
[Black "Rzeszowski, Dominik"]
[Result "0-1"]
[WhiteElo "1890"]
[BlackElo "1863"]
[PlyCount "66"]
[EventDate "2021.01.21"]
[EventType "tourn"]
[EventRounds "1"]
[EventCountry "POL"]
[SourceDate "2021.01.20"]

1. e4 e5 2. Nf3 Nc6 3. Bb5 f5 4. Nc3 fxe4 5. Nxe4 Nf6 6. Qe2 d5 7. Nxf6+ gxf6
8. O-O Bg7 9. d4 O-O 10. Bxc6 bxc6 11. Nh4 f5 12. Qh5 e4 13. Bh6 Qf6 14. Bxg7
Qxg7 15. c3 Bd7 16. f4 Be8 17. Qe2 Rb8 18. Rf2 c5 19. Qe3 cxd4 20. cxd4 Rb4 21.
Rd2 c5 22. Rad1 Bh5 23. a3 cxd4 24. Rxd4 Rxb2 25. R1d2 Rb1+ 26. Kf2 Qg4 27. Qg3
Qxg3+ 28. hxg3 Rb3 29. Rc2 e3+ 30. Kg1 Rb1+ 31. Kh2 e2 32. Rxe2 Bxe2 33. Rxd5
Bg4 0-1

[Event "236th YMCA Winter A"]
[Site "Warsaw"]
[Date "2021.03.18"]
[Round "9"]
[White "Poniewierski, Piotr"]
[Black "Moskwinski, Marek"]
[Result "1/2-1/2"]
[WhiteElo "1839"]
[BlackElo "1905"]
[PlyCount "91"]
[EventDate "2021.01.21"]
[EventType "tourn"]
[EventRounds "1"]
[EventCountry "POL"]
[SourceDate "2021.01.20"]

1. Nf3 d5 2. d4 Nf6 3. g3 c5 4. c4 cxd4 5. cxd5 Qxd5 6. Qxd4 Nc6 7. Qxd5 Nxd5
8. Bg2 g6 9. Na3 Bg7 10. O-O O-O 11. Nc4 Rd8 12. a3 Bg4 13. e4 Nc7 14. Rb1 Ne6
15. Ne3 Bxf3 16. Bxf3 Ncd4 17. Bd1 Nc5 18. f3 Nd3 19. Bd2 Rac8 20. Nd5 Kf8 21.
Nb4 Nc6 22. Nxc6 Rxc6 23. b4 Nb2 24. Be3 Rd3 25. Bxa7 Rxa3 26. Bf2 Nd3 27. b5
Rd6 28. Be3 Ra2 29. Kh1 Bd4 30. Bxd4 Rxd4 31. Bb3 Rd2 32. Kg1 Rb4 33. Bd5 b6
34. Rfd1 Rxb1 35. Rxb1 Ne5 36. Rb3 e6 37. Bb7 Rd3 38. Rxd3 Nxd3 39. Kf1 Ke7 40.
f4 e5 41. Ke2 Nc5 42. Bd5 exf4 43. gxf4 Nd7 44. Ke3 f6 45. Kd4 Nc5 46. Bc4 $11
1/2-1/2

[Event "236th YMCA Winter A"]
[Site "Warsaw"]
[Date "2021.03.23"]
[Round "9"]
[White "Potocki, Karol"]
[Black "Jedrusik, Adam"]
[Result "0-1"]
[WhiteElo "1882"]
[BlackElo "1874"]
[PlyCount "110"]
[EventDate "2021.01.21"]
[EventType "tourn"]
[EventRounds "1"]
[EventCountry "POL"]
[SourceDate "2021.01.20"]

1. e4 c6 2. d4 d5 3. exd5 cxd5 4. c4 Nf6 5. Nc3 Nc6 6. Bg5 dxc4 7. d5 Ne5 8. f4
Bg4 9. Qa4+ Bd7 10. Qd1 Neg4 11. Qd4 Qb6 12. Qxb6 axb6 13. Ke2 b5 14. h3 b4 15.
Nd1 Ne4 16. hxg4 Ng3+ 17. Kf3 Nxh1 18. Bxc4 h6 19. Bh4 g5 20. Be1 b5 21. Bb3 h5
22. f5 e6 23. Ne3 Bc5 24. dxe6 fxe6 25. fxe6 Bc6+ 26. Ke2 hxg4 27. Rc1 Bxe3 28.
Kxe3 Bxg2 29. Bxb4 g3 30. Bc2 Rh6 31. Bf5 Rf6 32. Bg4 Nf2 33. Bh5+ Kd8 34. e7+
Kd7 35. e8=Q+ Rxe8+ 36. Bxe8+ Kxe8 37. Rc7 Ng4+ 38. Kd4 Rf4+ 39. Kc5 Ne3 40.
Kxb5 Nd5 41. Rc4 Bf1 42. b3 Ne3 43. Bd2 Rf5+ 44. Ka4 Nxc4 45. bxc4 Bxc4 46. a3
g2 47. Kb4 Ba6 48. a4 Kf7 49. Be3 Kg6 50. a5 Kh5 51. Bb6 Kg4 52. Kc3 Kg3 53.
Bc7+ Kf2 54. Nh3+ Kf1 55. Bh2 Rf3+ 0-1

[Event "236th YMCA Winter A"]
[Site "Warsaw"]
[Date "2021.01.27"]
[Round "9"]
[White "Bujalski, Mateusz"]
[Black "Ossolinski, Ziemowit"]
[Result "1-0"]
[WhiteElo "1895"]
[BlackElo "1887"]
[PlyCount "99"]
[EventDate "2021.01.21"]
[EventType "tourn"]
[EventRounds "1"]
[EventCountry "POL"]
[SourceDate "2021.01.20"]

1. d4 e6 2. Nf3 Nf6 3. Nbd2 d5 4. e3 c5 5. b3 cxd4 6. exd4 Bb4 7. Bb2 Ne4 8.
Bd3 Nxd2 9. Nxd2 Qg5 10. g3 Nc6 11. a3 Ba5 12. b4 Bb6 13. Nf3 Qf6 14. Be2 a6
15. O-O Bd7 16. Re1 O-O 17. Qd2 Rac8 18. c4 Bc7 19. c5 Rfd8 20. Kg2 Qe7 21. Bd3
g6 22. h4 e5 23. dxe5 Bg4 24. Nh2 Bd7 25. f4 Qe6 26. g4 d4 27. Rac1 Nxe5 28.
fxe5 Bc6+ 29. Kh3 Bxe5 30. Bc4 Bd5 31. Nf3 Bxc4 32. Nxe5 Bb5 33. Nf3 Qb3 34.
Kg3 Bc6 35. Rf1 d3 36. Bf6 Qe6 37. Bxd8 h5 38. gxh5 Rxd8 39. Rce1 Be4 40. hxg6
fxg6 41. Qf4 d2 42. Rxe4 Qb3 43. Re3 d1=Q 44. Rxd1 Qxd1 45. Re7 Rf8 46. Qc4+
Kh8 47. Qc3+ Qd4 48. Qxd4+ Rf6 49. Qd8+ Rf8 50. Qxf8# 1-0

[Event "236th YMCA Winter A"]
[Site "Warsaw"]
[Date "2021.03.26"]
[Round "10"]
[White "Jedrusik, Adam"]
[Black "Bujalski, Mateusz"]
[Result "1-0"]
[WhiteElo "1874"]
[BlackElo "1895"]
[PlyCount "97"]
[EventDate "2021.01.21"]
[EventType "tourn"]
[EventRounds "1"]
[EventCountry "POL"]
[SourceDate "2021.01.20"]

1. d4 c5 2. d5 Nf6 3. c4 b5 4. cxb5 a6 5. bxa6 Bxa6 6. Nc3 g6 7. Nf3 d6 8. g3
Bg7 9. Bg2 Nbd7 10. Rb1 O-O 11. O-O Ng4 12. Qc2 Qc7 13. Bd2 Rfb8 14. b3 Nb6 15.
Rfd1 c4 16. b4 Bb7 17. h3 Nf6 18. e4 Qd7 19. b5 Ra3 20. Be3 Rxc3 21. Qxc3 Nxe4
22. Qc2 Nxd5 23. Qxe4 Nc3 24. Qxc4 Rc8 25. Qb3 Ne2+ 26. Kh2 Rc3 27. Qb4 Qf5 28.
Nh4 Qe5 29. Bf4 Nxf4 30. Qxf4 Qc5 31. Rd2 Be5 32. Qg4 h5 33. Qe2 g5 34. Nf5
Bxg2 35. Kxg2 e6 36. Ne7+ Kf8 37. Nc6 Bxg3 38. fxg3 h4 39. Rb3 Rc1 40. Qf2 Qc4
41. Rd4 Qc5 42. Rd2 Qc4 43. Rf3 f5 44. Qd4 g4 45. Qxd6+ Kg7 46. Qe7+ Kh6 47.
Qf6+ Kh7 48. Rd7+ Kg8 49. Qg7# 1-0

[Event "236th YMCA Winter A"]
[Site "Warsaw"]
[Date "2021.03.25"]
[Round "10"]
[White "Moskwinski, Marek"]
[Black "Potocki, Karol"]
[Result "1-0"]
[WhiteElo "1905"]
[BlackElo "1882"]
[PlyCount "147"]
[EventDate "2021.01.21"]
[EventType "tourn"]
[EventRounds "1"]
[EventCountry "POL"]
[SourceDate "2021.01.20"]

1. b4 c6 2. Bb2 Qb6 3. a3 a5 4. c3 d5 5. Qc2 Nf6 6. bxa5 Rxa5 7. e3 g6 8. Nf3
Bf5 9. d3 Nbd7 10. Nbd2 Bg7 11. Be2 O-O 12. O-O Nc5 13. c4 Na4 14. Bd4 Qd8 15.
Rab1 Bc8 16. Rb4 c5 17. Rxa4 cxd4 18. Nxd4 e5 19. Nb5 Bd7 20. Rb1 Rxa4 21. Qxa4
dxc4 22. Nxc4 Nd5 23. Qa5 Qxa5 24. Nxa5 Ra8 25. Nc4 Bxb5 26. Rxb5 Nc3 27. Rb2
Nxe2+ 28. Rxe2 b5 29. Nb2 Rxa3 30. Kf1 Ra1+ 31. Re1 Ra2 32. Re2 Bf8 33. f4 exf4
34. exf4 Ba3 35. Nd1 Ra1 36. Re8+ Kg7 37. Ke2 Ra2+ 38. Kf3 Rd2 39. Nf2 Bc5 40.
Re2 Rxe2 41. Kxe2 f5 42. Nd1 Kf6 43. Ne3 Ke6 44. Nc2 Kd5 45. h3 b4 46. Na1 Bb6
47. Nb3 h5 48. Kf3 h4 49. Ke2 Bc7 50. Ke3 Bb6+ 51. Ke2 Bc7 52. Ke3 Bd6 53. Na5
Bc7 54. Nb3 Kc6 55. Nd4+ Kb6 56. Nf3 Bd8 57. Ne5 g5 58. d4 gxf4+ 59. Kxf4 Bc7
60. Kg5 Bxe5 61. dxe5 Kc7 62. Kf6 b3 63. e6 b2 64. e7 b1=Q 65. e8=Q Qf1 66.
Qe5+ Kc6 67. Qc3+ Kd7 68. Qf3 Qa1+ 69. Kxf5 Ke7 70. Qe4+ Kf7 71. Qe6+ Kg7 72.
Qe5+ Qxe5+ 73. Kxe5 Kg6 74. Kf4 1-0

[Event "236th YMCA Winter A"]
[Site "Warsaw"]
[Date "2021.03.26"]
[Round "10"]
[White "Dalkowski, Rafal"]
[Black "Polak, Michal"]
[Result "1-0"]
[WhiteElo "1847"]
[BlackElo "1890"]
[PlyCount "121"]
[EventDate "2021.01.21"]
[EventType "tourn"]
[EventRounds "1"]
[EventCountry "POL"]
[SourceDate "2021.01.20"]

1. d4 Nf6 2. c4 e6 3. Nf3 b6 4. g3 Bb7 5. Bg2 Be7 6. O-O O-O 7. d5 exd5 8. Nh4
c6 9. cxd5 Nxd5 10. Nf5 Nc7 11. e4 d5 12. Nc3 Bf6 13. exd5 cxd5 14. Bf4 Nba6
15. Re1 Nc5 16. Rc1 N5e6 17. Bd6 Re8 18. Bxc7 Nxc7 19. Rxe8+ Nxe8 20. Nxd5 Bxd5
21. Bxd5 Rc8 22. Nh6+ Kf8 23. Rxc8 Qxc8 24. Nxf7 Bxb2 25. Qf3 Qc3 26. Qf5 Qf6
27. Qxh7 Bd4 28. Qc2 Nc7 29. Bb3 a5 30. Nh8 Bc5 31. Ng6+ Ke8 32. Nf4 Kd8 33. h4
Kc8 34. a4 Na6 35. Qe2 Nc7 36. Kg2 Kb8 37. Qc4 Qc6+ 38. Kg1 Qf6 39. Kg2 Qc6+
40. f3 Qf6 41. Qg8+ Kb7 42. Bd5+ Nxd5 43. Qxd5+ Kc8 44. Ne6 Qe7 45. Qc6+ Kb8
46. f4 Be3 47. f5 Qb7 48. Qxb7+ Kxb7 49. Kf3 Bg1 50. g4 b5 51. Ke4 bxa4 52. Kd3
Kc6 53. Kc4 Kd6 54. Nxg7 Ke7 55. g5 Be3 56. Ne6 Bf2 57. h5 Kf7 58. h6 Kg8 59.
f6 Bh4 60. h7+ Kh8 61. f7 1-0

[Event "236th YMCA Winter A"]
[Site "Warsaw"]
[Date "2021.02.22"]
[Round "11"]
[White "Zdybel, Przemyslaw"]
[Black "Dalkowski, Rafal"]
[Result "1-0"]
[WhiteElo "1848"]
[BlackElo "1847"]
[PlyCount "49"]
[EventDate "2021.01.21"]
[EventType "tourn"]
[EventRounds "1"]
[EventCountry "POL"]
[SourceDate "2021.01.20"]

1. e4 c5 2. Nf3 g6 3. d4 cxd4 4. Nxd4 Nc6 5. Nc3 Bg7 6. Be3 Nf6 7. Bc4 d6 8. f3
Bd7 9. Qd2 O-O 10. O-O-O Rc8 11. Bb3 Nxd4 12. Bxd4 b5 13. h4 a5 14. h5 a4 15.
Bxf6 exf6 16. Bd5 a3 17. hxg6 hxg6 18. Kb1 b4 19. Ne2 f5 20. Nd4 fxe4 21. fxe4
Bg4 22. Rdf1 Qe7 23. Qf4 Qd7 24. Qg5 Rc5 25. Qxg6 1-0

[Event "236th YMCA Winter A"]
[Site "Warsaw"]
[Date "2021.02.22"]
[Round "11"]
[White "Poniewierski, Piotr"]
[Black "Rzeszowski, Dominik"]
[Result "1-0"]
[WhiteElo "1839"]
[BlackElo "1863"]
[PlyCount "41"]
[EventDate "2021.01.21"]
[EventType "tourn"]
[EventRounds "1"]
[EventCountry "POL"]
[SourceDate "2021.01.20"]

1. Nf3 d6 2. d4 g6 3. g3 Bg7 4. Bg2 Nf6 5. b3 O-O 6. Bb2 Nbd7 7. O-O c5 8. Nbd2
cxd4 9. Nxd4 Nc5 10. h3 Bd7 11. Re1 e5 12. N4f3 e4 13. Ng5 d5 14. Bd4 Qc8 15.
c4 dxc4 16. Rc1 Ne6 17. Bxf6 Bxf6 18. Ngxe4 Qd8 19. Nxf6+ Qxf6 20. Ne4 Qe7 21.
Qxd7 1-0

[Event "236th YMCA Winter A"]
[Site "Warsaw"]
[Date "2021.02.22"]
[Round "11"]
[White "Bujalski, Mateusz"]
[Black "Moskwinski, Marek"]
[Result "1-0"]
[WhiteElo "1895"]
[BlackElo "1905"]
[PlyCount "53"]
[EventDate "2021.01.21"]
[EventType "tourn"]
[EventRounds "1"]
[EventCountry "POL"]
[SourceDate "2021.01.20"]

1. e4 c5 2. Nc3 Nc6 3. f4 g6 4. Nf3 Bg7 5. Bb5 Nd4 6. O-O Nxb5 7. Nxb5 d6 8. d3
e6 9. e5 Bf8 10. exd6 Bxd6 11. Nxd6+ Qxd6 12. Ng5 Nf6 13. Qf3 Qd5 14. Ne4 Nxe4
15. dxe4 Qc6 16. Qc3 O-O 17. f5 e5 18. Bh6 Re8 19. Qe3 c4 20. Kh1 b6 21. f6 Bb7
22. Rae1 Re6 23. Bg7 Rd8 24. Qh6 Qc5 25. Rf3 Bxe4 26. Qxh7+ Kxh7 27. Rh3+ 1-0

[Event "236th YMCA Winter A"]
[Site "Warsaw"]
[Date "2021.02.22"]
[Round "11"]
[White "Ossolinski, Ziemowit"]
[Black "Jedrusik, Adam"]
[Result "0-1"]
[WhiteElo "1887"]
[BlackElo "1874"]
[PlyCount "114"]
[EventDate "2021.01.21"]
[EventType "tourn"]
[EventRounds "1"]
[EventCountry "POL"]
[SourceDate "2021.01.20"]

1. e4 d6 2. b3 Nf6 3. Nc3 g6 4. Bb2 Bg7 5. Nd5 Nbd7 6. Nxf6+ Nxf6 7. g3 O-O 8.
Bg2 e5 9. Ne2 Bd7 10. O-O Re8 11. d3 Qc8 12. Qd2 Bh3 13. f4 Bxg2 14. Kxg2 Ng4
15. Rab1 exf4 16. Qxf4 Bxb2 17. Rxb2 Qd7 18. h3 Ne5 19. Nc3 Rf8 20. Nd5 Qd8 21.
d4 Nd7 22. c3 c6 23. Ne3 Qe7 24. Re2 Rae8 25. Nc4 d5 26. Nd6 g5 27. Qg4 Qxd6
28. e5 Qe6 29. Rf5 f6 30. Ref2 fxe5 31. Rxg5+ Kh8 32. Rxe5 Qxg4 33. Rxe8 Qg7
34. Rfe2 Rxe8 35. Rxe8+ Nf8 36. g4 Qf7 37. Re5 Ng6 38. Re1 Qf4 39. Re8+ Kg7 40.
Re2 Nh4+ 41. Kg1 Nf3+ 42. Kg2 Nh4+ 43. Kg1 Qg3+ 44. Kf1 Qxh3+ 45. Ke1 Qxc3+ 46.
Kd1 Qxd4+ 47. Rd2 Qxg4+ 48. Kc2 Nf3 49. Rd1 Qg2+ 50. Kc3 Qxa2 51. b4 Qc4+ 52.
Kb2 Qxb4+ 53. Ka1 Nd4 54. Rc1 Nb3+ 55. Ka2 Nxc1+ 56. Ka1 Nd3 57. Ka2 Qb2# 0-1